| 000 | 00383 a2200145 4500 | ||
|---|---|---|---|
| 999 |
_c4610 _d4610 |
||
| 020 | _a8176484881 | ||
| 050 | _aLC 120.4 RAO 2004 | ||
| 100 |
_aRao, V. K _eAuthor |
||
| 245 |
_aEducation system / _cV. K. Rao |
||
| 264 |
_aNew Delhi: _bA.P.H Publishing Corporation, _c2004 |
||
| 300 | _avi, 426p. : | ||
| 500 | _aIncludes index | ||
| 650 | _aEducation | ||
| 942 |
_2lcc _cBK _h120.4 _iRAO _kLB |
||